• 首页
  • 本馆介绍
  • 公告通知
  • 最新文献
  • 馆藏检索
  • 电子资源
  • 读者导购
  • 参考咨询
  • 我的图书馆
  • 登录
  • 详细信息显示
  • 放入我的书架
  • 预约/预借图书
  • 作者相关作品
  • 分类相关作品
  • 丛书相关作品
  • 出版社相关作品

书目信息

  • 表格格式
  • 工作单格式
  • 卡片格式
题名:
体验商务英语同步练习
    
 
作者: 罗杰斯 编著 ;张铁军 , 张靖 主编
分册: 1  
出版信息: 北京   高等教育出版社  2012
页数: 103页
开本: 28cm
丛书名:
单 册:
中图分类: F7-44
科图分类:
主题词: 商务--英语--习题集
电子资源:
ISBN: 978-7-04-034604-6
000 01128nam0 2200289 450
001 0102416812
005 20120927144426.0
010    @a978-7-04-034604-6@dCNY22.00
100    @a20120728d2012 em y0chiy0120 ea
101 0  @achi@aeng
102    @aCN@b110000
105    @ay zq 000yy
106    @ar
200 1  @a体验商务英语同步练习@9Ti Yan Shang Wu Ying Yu Tong Bu Lian Xi @fJohn Rogers[编著]@g张铁军,张靖主编@g《体验商务英语》改编组[编]@h1@b专著@dMarket leader elementary business English practice file@h1@zeng
205    @a2版
210    @a北京@c高等教育出版社@d2012
215    @a103页@d28cm@e1光盘
306    @a英文改编版由培生教育出版集团和高等教育出版社有限公司合作出版
307    @a附光盘:ISBN 978-7-88776-228-3 ISRC NC-M02-12-00047
510 1  @aMarket leader elementary business English practice file@h1@zeng
606 0  @a商务@x英语@j习题集
690    @aF7-44@v5
701  0 @c( )@a罗杰斯@c(Rogers, John)@4编著@9luo jie si
702  0 @a张铁军@f(1968?~)@4主编@9zhang tie jun
702  0 @a张靖@c(女,金融学)@4主编@9zhang jing
801  0 @aCN@bAZmarc@c20230903
905    @aBZT@dF7@e35:1=2@f1@sF7/35:1=2
    
    体验商务英语同步练习/John Rogers[编著]/张铁军,张靖主编/《体验商务英语》改编组[编].1=Market leader elementary business English practice file.1.-2版.-北京:高等教育出版社,2012
    103页;28cm+1光盘
    
    
    ISBN 978-7-04-034604-6:CNY22.00
    
●
相关链接 在五车中查询图书 在当当中查询图书 在豆瓣中查询图书


正题名:体验商务英语同步练习     索取号:F7/35:1=2         预约/预借

序号 登录号 条形码 馆藏地/架位号 状态 备注
1 2000000389   2000000389   旧书回溯/ [索取号:F7/35:1=2] 在馆    
山东省滨州职业学院图书馆 欢迎您!
大连网信软件有限公司© 版权所有